Consume - Chase Atlantic - Statistics

General Stats
  • This quiz has been taken 45 times
  • The average score is 301 of 480
Answer Stats
Hint Answer % Correct
a
100%
me
94%
Verse 1 | Verse 3 Alright
90%
alright
90%
I
90%
i'm
90%
my
90%
o
90%
but
87%
is
87%
it
87%
no
87%
on
87%
the
87%
with
87%
you
87%
knife
84%
that
84%
why
84%
do
81%
girl
81%
head
81%
human
81%
in
81%
Chorus She
81%
all
77%
careful
77%
life
77%
only
77%
to
77%
and
74%
at
74%
be
74%
heart
74%
know
74%
or
74%
said
74%
use
74%
your
74%
can
71%
how
71%
lose
71%
now
71%
oh
71%
pointing
71%
voices
71%
if
68%
take
68%
there's
68%
wa
68%
where
68%
( yeah )
68%
Pre Chorus Yeah
68%
yeah
68%
you'll
68%
been
65%
blade
65%
don't
65%
i've
65%
praying
65%
run
65%
screaming
65%
trying
65%
understand
65%
when
65%
baby
61%
doesn't
61%
hardest
61%
overnight
61%
abuse
58%
flesh
58%
mess
58%
Outro Please
58%
right
58%
want
58%
anxiety
55%
corners
55%
they're
55%
this
55%
we
55%
what
55%
big
52%
bite
52%
chew
52%
city
52%
cutting
52%
enough
52%
fair
52%
it's
52%
not
52%
of
52%
one
52%
rampage
52%
she's
52%
terror
52%
another
48%
hell
48%
like
48%
night
48%
problem
48%
regardless
48%
so
48%
tell
48%
these
48%
woah
48%
blood
45%
bones
45%
needle
45%
back
42%
break
42%
fade
42%
get
42%
head's
42%
her
42%
let
42%
make
42%
skin
42%
sleep
42%
tee
42%
through
42%
'til
42%
you're
42%
69
39%
bitches
39%
change
39%
fingers
39%
kill
39%
normally
39%
pain
39%
spend
39%
will
39%
backstabbing
35%
cannot
35%
love
35%
pressing
35%
Verse 2 Rollin'
35%
rollin'
35%
shit
35%
things
35%
up
35%
go
32%
nah
32%
propane
32%
running
32%
whole
32%
both
29%
from
29%
killed
29%
nose
29%
pressure
29%
day
26%
eyes
26%
mind
26%
can't
23%
onto
23%
piece
23%
smokin'
23%
tweet
23%
beach
19%
either
19%
tight
19%
ah - ah
16%
almost
16%
alone
16%
blunts
16%
down
16%
gland's
16%
latching
16%
LSD
16%
poured
16%
rolling
16%
spilled
16%
tryna'
16%
acid
13%
ga
13%
ghostwrite
13%
god
13%
goes
13%
resolve
13%
treat
13%
watashi
13%
anata
10%
sweet
10%
they'll
10%
blossum
6%
( calm down )
6%
desu
6%
( don't run )
3%
Intro Honto
3%
ite
3%
kizuitetan
3%
koto
3%
kureta
3%
mite
3%
die'll
0%
No matching quizzes found
Score Distribution
Percent of People with Each Score
Percentile by Number Answered
Your Score History
You have not taken this quiz